| 000 | 00686nam a2200229 a 4500 | ||
|---|---|---|---|
| 005 | 20220811063950.0 | ||
| 008 | 040603s2001 mx r 000 0 spa d | ||
| 020 | _a8427713541 | ||
| 035 | _aUPN01000133601 | ||
| 049 | _aCG | ||
| 050 | 4 |
_aHV40 _bL5.5 |
|
| 100 | 1 | _aLillo Herranz, Nieves | |
| 245 | 1 | 0 |
_aManual para el trabajo social comunitario / _cNieves Lillo Herranz, Elena Roselló Nadal. |
| 260 |
_aMadrid : _bNarcea, _c2001. |
||
| 300 | _a205 p. | ||
| 440 | 0 | _aNarcea sociocultural | |
| 650 | 4 |
_aASISTENCIA SOCIAL DE GRUPO _95655 |
|
| 650 | 4 |
_aSERVICIO SOCIAL - _zESPAÑA _914573 |
|
| 650 | 4 |
_aTrabajo social _96125 |
|
| 700 | 1 |
_aRoselló, Elena, _ecoaut. |
|
| 905 | _aLibro | ||
| 999 |
_c105752 _d105752 |
||